000 00238nam a2200097Ia 4500
001 1158565
005 20250827011304.0
008 250824s9999 xx 000 0 und d
245 0 _aTEKNOLOJİ FELFESESİ
_cMUSTAFA BAYRAK
260 _bKETEBE
999 _c1158565
_d1158565